000 00640nam a2200193 a 4500
001 000046403
005 20201002052839.0
008 150807s2009 dr 000 0 spa d
020 _a9789945866728
040 _aDO-SdBNP
_bspa
_cBNPHU
082 _axxxx
_bxxxx
100 1 _aAguilar, Alejandro F.,
_d1958-
_974425
245 1 0 _aFijar la mirada /
_cAlejandro F. Aguilar.
260 _aSanto Domingo :
_bCasa de Teatro,
_c2009.
300 _a210 p. ;
_c21 cm.
500 _aIncluye datos biográficos del autor en las solapas
586 _aPremio Internacional de Novela 2009.
586 _aPremio Internacional de Novela Casa de Teatro 2009
999 _c45892
_d45892